عرض عادي عرض مارك
  • النجاح الشخصي

مدخل مصطلح موضوعي

عدد التسجيلات المستخدمة في: 2

001 - رقم الضبط

  • حقل الضبط: 16813

003 - معرف رقم الضبط

  • حقل الضبط: OSt

005 - تاريخ ووقت أخر عملية

  • حقل الضبط: 20120730151700.0

008 - عناصر بيانات ثابتة الطول

  • حقل تحكم ثابت الطول: 120730|||a|||||| | ||| d

040 ## - مصدر الفهرسة

  • هيئة الفهرسة الأصلية: OSt
  • وكالة الكتابة: OSt

150 ## - مدخل-- مصطلح تاريخي

  • عنصر مدخل المصطلح الموضوعي او الاسم الجغرافي: النجاح الشخصي
  • تفريع عام: جوانب نفسية.

670 ## - بيانات المصدر موجوده

  • الاستشهاد بالمصدر: Work cat.: (OSt): شحادة، خليل. 16812, أجمل أقوال العظماء والحكماء لتحويل حياتك من الفشل إلى النجاح / , 2011